[Event "Sharjah Blitz op 27th"]
[Site "Sharjah"]
[Date "2022.04.08"]
[Round "6"]
[White "Zubarev, Alexander2222"]
[Black "Santiago, Reggie Mel"]
[Result "1-0"]
[WhiteElo "2372"]
[BlackElo "1772"]
[PlyCount "105"]
[EventDate "2022.04.08"]
[EventType "swiss (blitz)"]
[EventRounds "9"]
[EventCountry "UAE"]
[SourceTitle "CBM 207 Extra"]
[Source "ChessBase"]
[SourceDate "2022.05.31"]
[SourceVersion "1"]
[SourceVersionDate "2022.05.31"]
[SourceQuality "1"]

1. e4 d5 2. exd5 Nf6 3. c4 c6 4. d4 cxd5 5. Nc3 Nc6 6. Nf3 e6 7. cxd5 Nxd5 8. Bd3 Be7 9. 0-0 0-0 10. a3 Nxc3 11. bxc3 Bf6 12. Qe2 Re8 13. Bf4 Qa5 14. Ne5 Qxc3 15. Bxh7+ Kf8 16. Qh5 Nxe5 17. dxe5 g6 18. Bxg6 fxg6 19. Qxg6 Bg7 20. Rad1 Qc7 21. Rd3 Qf7 22. Qg4 Bd7 23. Rh3 Qf5 24. Qg3 Bc6 25. Bh6 Re7 26. Bg5 Rf7 27. Qh4 Qe4 28. Qg3 Bxe5 29. Bh6+ Ke7 30. Qh4+ Qxh4 31. Rxh4 Rg8 32. g3 Rg6 33. Re1 Bd6 34. Be3 Bxa3 35. Bxa7 Bd6 36. Rd1 Rg5 37. Be3 Rd5 38. Rb1 b5 39. Rc1 Kd7 40. Rh8 b4 41. Rb1 Rf8 42. Rh7+ Kc8 43. Rc1 Kd8 44. Rxc6 Be7 45. Bb6+ Kd7 46. Rc7+ Kd6 47. Rhxe7 Rb5 48. Red7+ Ke5 49. Bd4+ Ke4 50. Bb2 b3 51. Rc4+ Kf5 52. Rf4+ Kg6 53. Rg7+ 1-0